If you lived at the time of Martin Luther King / (Record no. 4030)

MARC details
000 -LEADER
fixed length control field 01549cam a2200397 a 4500
001 - CONTROL NUMBER
control field 4030
003 - CONTROL NUMBER IDENTIFIER
control field FISKH
005 - DATE AND TIME OF LATEST TRANSACTION
control field 20250422123734.0
008 - FIXED-LENGTH DATA ELEMENTS--GENERAL INFORMATION
fixed length control field 061113s1994 nyuag j 000 0deng d
010 ## - LIBRARY OF CONGRESS CONTROL NUMBER
LC control number 2006286014
020 ## - INTERNATIONAL STANDARD BOOK NUMBER
International Standard Book Number 059042582X (pbk.)
020 ## - INTERNATIONAL STANDARD BOOK NUMBER
International Standard Book Number 9780590425827
035 ## - SYSTEM CONTROL NUMBER
System control number (OCoLC)ocm49030352
035 ## - SYSTEM CONTROL NUMBER
System control number (OCoLC)49030352
040 ## - CATALOGING SOURCE
Original cataloging agency DPB
Transcribing agency DPB
Modifying agency OCLCQ
-- BAKER
-- DLC
Language of cataloging eng
042 ## - AUTHENTICATION CODE
Authentication code lccopycat
043 ## - GEOGRAPHIC AREA CODE
Geographic area code n-us---
050 00 - LIBRARY OF CONGRESS CALL NUMBER
Classification number E185.61
Item number .L5185 1994
082 04 - DEWEY DECIMAL CLASSIFICATION NUMBER
Classification number 323.119
Edition number 21
100 1# - MAIN ENTRY--PERSONAL NAME
Personal name Levine, Ellen.
245 10 - TITLE STATEMENT
Title If you lived at the time of Martin Luther King /
Statement of responsibility, etc. by Ellen Levine ; illustrated by Anna Rich.
260 ## - PUBLICATION, DISTRIBUTION, ETC.
Place of publication, distribution, etc. New York :
Name of publisher, distributor, etc. Scholastic,
Date of publication, distribution, etc. 1994
300 ## - PHYSICAL DESCRIPTION
Extent 80 pages :
Other physical details color illustrations ;
Dimensions 20 ​×​ 23 cm
520 ## - SUMMARY, ETC.
Summary, etc. Answers many questions about Martin Luther King, Jr. and the civil rights movement of the 1950s and 1960s.
600 10 - SUBJECT ADDED ENTRY--PERSONAL NAME
Personal name King, Martin Luther,
Titles and other words associated with a name Jr.,
Dates associated with a name 1929-1968
Form subdivision Juvenile literature.
600 11 - SUBJECT ADDED ENTRY--PERSONAL NAME
Personal name King, Martin Luther,
Titles and other words associated with a name Jr.,
Dates associated with a name 1929-1968.
650 #0 - SUBJECT ADDED ENTRY--TOPICAL TERM
Topical term or geographic name entry element African Americans
General subdivision Civil rights
-- History
Chronological subdivision 20th century
Form subdivision Juvenile literature.
650 #0 - SUBJECT ADDED ENTRY--TOPICAL TERM
Topical term or geographic name entry element Civil rights movements
Geographic subdivision United States
General subdivision History
Chronological subdivision 20th century
Form subdivision Juvenile literature.
650 #1 - SUBJECT ADDED ENTRY--TOPICAL TERM
Topical term or geographic name entry element African Americans
General subdivision Civil rights.
651 #0 - SUBJECT ADDED ENTRY--GEOGRAPHIC NAME
Geographic name United States
General subdivision Race relations
-- History
Chronological subdivision 20th century
Form subdivision Juvenile literature.
651 #1 - SUBJECT ADDED ENTRY--GEOGRAPHIC NAME
Geographic name United States
General subdivision Race relations
-- History.
700 1# - ADDED ENTRY--PERSONAL NAME
Personal name Rich, Anna,
Dates associated with a name 1956-
Relator term illustrator
906 ## - LOCAL DATA ELEMENT F, LDF (RLIN)
a 7
b cbc
c copycat
d 2
e ncip
f 20
g y-gencatlg
942 ## - ADDED ENTRY ELEMENTS (KOHA)
Source of classification or shelving scheme Dewey Decimal Classification
Koha item type Books
Suppress in OPAC No
Holdings
Withdrawn status Lost status Source of classification or shelving scheme Damaged status Not for loan Collection Home library Current library Shelving location Date acquired Total Checkouts Full call number Barcode Date due Date last seen Date last checked out Copy number Price effective from Koha item type
    Dewey Decimal Classification     Non-Fiction Footprints International School Library Network Toul Kork Campus Footprints International School Library Network Toul Kork Campus A TK Campus, 4th Floor, Room B401, Non-Fiction Bookcases(7-8) 05/31/2024 1 LEV 323.119 E185.L5185 FISTK01569 04/14/2026 03/31/2026 03/31/2026 1 05/31/2024 Books
    Dewey Decimal Classification     Non-Fiction Footprints International School Library Network Toul Tom Poung Campus Footprints International School Library Network Toul Tom Poung Campus TTP Secondary Non-Fiction Bookshelves 04/22/2025 1 LEV 323.119 E185.L5185 2025-1074   03/17/2026 02/24/2026 2 04/22/2025 Books